Statistics for Countries with the Most McDonald's Customers per Restaurant

Click here to take the quiz!

General Stats

  • This quiz has been taken 45 times
  • The average score is 10 of 14

Answer Stats

Region Customers Country % Correct
North Africa1,260,261Egypt
83%
Caribbean11,239,000Cuba
79%
Middle East38,146,000Iraq
76%
Southeast Asia6,180,000Vietnam
76%
Central Asia5,306,288India
76%
Eastern Africa49,125,325Kenya
74%
South America10,980,000Bolivia
74%
Central Asia2,885,757Pakistan
74%
North Africa11,110,000Tunisia
71%
Southeast Asia1,550,058Indonesia
69%
Central America1,027,833Nicaragua
69%
Central America1,031,250Honduras
67%
Central Asia1,778,844Kazakhstan
64%
Central Asia2,896,857Sri Lanka
45%

Score Distribution

Percentile by Number Answered

Percent of People with Each Score

Your Score History

You have not taken this quiz